Normal view MARC view
  • Selod, Harris

Entry Personal Name

Number of records used in: 1

001 - CONTROL NUMBER

  • control field: 152461

003 - CONTROL NUMBER IDENTIFIER

  • control field: DLC

005 - DATE AND TIME OF LATEST TRANSACTION

  • control field: 20260210144908.0

008 - FIXED-LENGTH DATA ELEMENTS

  • fixed length control field: 010525n| acannaabn |n aaa c

010 ## - LIBRARY OF CONGRESS CONTROL NUMBER

  • LC control number: nr2001020348

040 ## - CATALOGING SOURCE

  • Original cataloging agency: UkCU
  • Language of cataloging: eng
  • Transcribing agency: UkCU

100 1# - HEADING--PERSONAL NAME

  • Personal name: Selod, Harris

670 ## - SOURCE DATA FOUND

  • Source citation: Location and education in South African cities under and after apartheid, 2000:
  • Information found: t.p. (Harris Selod) p. i (CREST-LEI and TEAM, Univ. de Paris)
Devinim Yazılım Eğitim Danışmanlık tarafından Koha'nın orjinal sürümü uyarlanarak geliştirilip kurulmuştur.